| 000 | 00446nam a22001817a 4500 | ||
|---|---|---|---|
| 003 | NUST - PNEC | ||
| 005 | 20170116180752.0 | ||
| 008 | 150312b xxu||||| |||| 00| 0 eng d | ||
| 020 | _a- | ||
| 040 | _cLIBRARY | ||
| 082 | _a928 IJA | ||
| 100 |
_91761 _aIjaz-ul-Haq |
||
| 245 |
_aFarmaeesh _cIjaz-ul-Haq |
||
| 260 |
_aLahore _bSamawat Publications _cc2002 |
||
| 300 | _a222 p. : | ||
| 650 |
_91765 _aUrdu Literature _xGeneral |
||
| 942 |
_2ddc _cBK |
||
| 999 |
_c62589 _d62589 |
||